| 000 | 03270cam a22005174i 4500 | ||
|---|---|---|---|
| 003 | PE-LiUPU | ||
| 005 | 20250731172848.0 | ||
| 008 | 140703t20142014miuab rb 001 0 eng | ||
| 020 | _a9780801039300 | ||
| 035 | _a(Sirsi) i9780801039300 | ||
| 040 |
_aDLC _bspa _erda _cDLC _dYDX _dYDXCP _dBTCTA _dBDX _dSPB _dCDX _dBTA _dTLE _dLNT _dOCLCF _dSGB _dTUU _dHEBIS _dRCT _dOCLCQ _dPE-LiUPU |
||
| 082 | 0 | 0 |
_a221.95 _bA5 _223 |
| 245 | 0 | 0 |
_aAncient Israel's history : _ban introduction to issues and sources / _cedited by Bill T. Arnold, Richard S. Hess. |
| 264 | 1 |
_aGrand Rapids, Michigan : _bBaker Academic, _c[2014]. |
|
| 300 |
_axv, 544 páginas : _bilustraciones ; _c24 centímetros |
||
| 336 |
_atext _2rdacontent |
||
| 337 |
_aunmediated _2rdamedia |
||
| 338 |
_avolume _2rdacarrier |
||
| 504 | _aBibliografía : páginas 461-519. | ||
| 504 | _aÍndices: páginas 523-544. | ||
| 505 | 0 | _aIntroduction: foundations for a history of Israel / Richard S. Hess -- 1. The Genesis narratives / Bill T. Arnold -- 2. The Exodus and wilderness narratives / James K. Hoffmeier -- 3. Covenant and treaty in the Hebrew Bible and in the ancient Near East / Samuel Greengus -- 4. Early Israel and its appearance in Canaan / Lawson G. Stone -- 5. The Judges and the early Iron Age / Robert D. Miller II -- 6. The story of Samuel, Saul, and David / Daniel Bodi -- 7. United monarchy: archaeology and literary sources / Steven M. Ortiz -- The biblical prophets in historiography / James K. Mead -- 9. Late tenth- and ninth-century issues: Ahab underplayed? Jehoshaphat overplayed? / Kyle Greenwood -- 10. Eighth-century issues: the world of Jeroboam II, the fall of Samaria, and the reign of Hezekiah / Sandra Richter -- 11. Judah in the seventh century: from the aftermath of Sennacherib's invasion to the beginning of Jehoiakim's rebellion / Brad E. Kelle -- 12. Sixth-century issues / Peter van der veen -- 13. Fifth- and fourth-century issues: governorship and priesthood in Jerusalem / Andre Lemaire -- 14. The Hellenistic period / David A. Desilva. | |
| 520 |
_a"Leading experts offer a substantive history of Israel textbook that values the Bible's historical contribution without overlooking critical issues and challenges"-- _cProvided by publisher. |
||
| 526 | _aSEG42 | ||
| 526 | _aSEG41 | ||
| 526 | _aSEG40 | ||
| 526 | _aSEG39 | ||
| 526 | _aP94 | ||
| 526 | _aP87 | ||
| 526 | _aP86 | ||
| 526 | _aP85 | ||
| 526 | _aP77 | ||
| 526 | _aP76 | ||
| 526 | _aP35 | ||
| 630 | 0 | 4 |
_aBiblia. _pA.T. _xCrítica, interpretación, etc. |
| 630 | 0 | 4 |
_aBiblia. _pA.T. _xHistoria de los acontecimientos bíblicos. |
| 650 | 1 | 4 |
_aJudios _xHistoria _yHasta 79 DC. |
| 700 | 1 |
_aArnold, Bill T., _eeditor |
|
| 700 | 1 |
_aHess, Richard S., _eeditor |
|
| 910 |
_ajck _bebj _cebj _d20160606 |
||
| 942 |
_2ddc _cBOOK |
||
| 949 |
_a221.95 A5 _wDEWEY _c1 _i73389 _lCCODEBUL1 _mBUL _p26.99 _r0 _sY _tBOOK _u2016-6-6 _xTEOLOGIA _PP85 _0COMPRA _o.STAFF. Colección General Teología |
||
| 994 |
_aC0 _bPEPRU |
||
| 596 | _a1 | ||
| 999 |
_a221.95 A5 _wDEWEY _c9734 _i73389 _d9734 _e2017-10-5 _f2021-11-9 _g5 _lCCODEBUL1 _mBUL _n1 _p26.99 _q4 _r0 _sY _tBOOK _u2016-6-6 _xTEOLOGIA _PP85 _0COMPRA _o.STAFF. Colección Teología |
||
| 980 |
_81 _gALBERTO SANCHEZ Responsable de Automatización |
||